000 00795nam a22002297a 4500
005 20240302131630.0
008 240302b ||||| |||| 00| 0 eng d
020 _a9789353502836
040 _cAL
041 _aeng
082 _223
_a150.724
_bKANE
100 _aBarry H Kantowitz
_9152599
245 _aExperimental Psychology
250 _a10th ed.
260 _aNew Delhi
_bCengage Learning
_c2015
300 _axxxviii,612p.
_bPB
_c24x18cm.
365 _2General
_a7740
_b₹1244.00
_c
_d₹1595.00
_e22%
_f15-02-2024
520 _aExplanation in scientific psychology; Research techniques observation and correlation; Ethics in psychological research
650 _2Psychology
_aExperimental Research
_9152600
700 _aRoediger, Henry L; Elmes, David G
_9152601
942 _2ddc
_cBK
999 _c229970
_d229970